[Event "CHN-chT (Women)"]
[Site "Liaocheng"]
[Date "2021.10.23"]
[Round "4.2"]
[White "Yang, Yijing"]
[Black "Jiang, Zhaoyi"]
[Result "1-0"]
[WhiteElo "2002"]
[BlackElo "1896"]
[PlyCount "95"]
[EventDate "2021.10.20"]
[EventType "team-tourn"]
[EventRounds "9"]
[EventCountry "CHN"]
[SourceTitle "CBM 204 Extra"]
[Source "ChessBase"]
[SourceDate "2021.11.30"]
[SourceVersion "1"]
[SourceVersionDate "2021.11.30"]
[SourceQuality "1"]
[WhiteTeam "Hebei (W)"]
[BlackTeam "Heilongjiang (W)"]
[WhiteTeamCountry "CHN"]
[BlackTeamCountry "CHN"]

1. e4 e6 2. d4 d5 3. Nd2 Be7 4. c3 c5 5. dxc5 Bxc5 6. Bd3 Nc6 7. Qe2 d4 8. Nb3 Bb6 9. cxd4 Nxd4 10. Nxd4 Bxd4 11. Nf3 Bc5 12. 0-0 Ne7 13. Bb5+ Nc6 14. Qc4 Qb6 15. b4 Bd6 16. Rd1 Be7 17. Ne5 0-0 18. Nxc6 bxc6 19. Bxc6 Bb7 20. Bxb7 Qxb7 21. a3 Rac8 22. Qe2 Rfd8 23. Bb2 Rd7 24. Rxd7 Qxd7 25. Rd1 Qc7 26. g3 h6 27. Qa6 Rd8 28. Rc1 Qd7 29. Qc6 Qd2 30. Qc3 Qg5 31. Qe5 Qg4 32. h3 Qg6 33. Qc7 Bg5 34. Re1 Rd2 35. Bc1 Rd3 36. Bxg5 Qxg5 37. Qxa7 Qd2 38. Rf1 Qe2 39. Qa8+ Kh7 40. a4 Rd4 41. b5 Rxe4 42. b6 Rb4 43. a5 Qb5 44. Rc1 Rb2 45. Qe4+ g6 46. Qf4 Kg7 47. Rc7 Rb1+ 48. Kh2 1-0

[Event "Tianjin Binhai Cup 2nd"]
[Site "Tianjin"]
[Date "2020.01.15"]
[Round "5"]
[White "Yang, Yijing"]
[Black "Yan, Tianqi"]
[Result "0-1"]
[WhiteElo "2027"]
[BlackElo "2244"]
[PlyCount "76"]
[EventDate "2020.01.13"]
[EventType "swiss"]
[EventRounds "9"]
[EventCountry "CHN"]
[SourceTitle "CBM 194 Extra"]
[Source "ChessBase"]
[SourceDate "2020.03.31"]
[SourceVersion "1"]
[SourceVersionDate "2020.03.31"]
[SourceQuality "1"]

1. d4 Nf6 2. c4 e6 3. Nf3 d5 4. Nc3 c6 5. Bg5 Nbd7 6. e3 Qa5 7. Nd2 Bb4 8. Qc2 dxc4 9. Bxf6 Nxf6 10. Nxc4 Qd5 11. Qb3 Bxc3+ 12. bxc3 0-0 13. Ne5 c5 14. Qxd5 Nxd5 15. Kd2 cxd4 16. exd4 b6 17. g3 f6 18. Nd3 Ba6 19. Bh3 Rfe8 20. Rhe1 Kf7 21. f4 Rad8 22. Rac1 h6 23. Bg4 Re7 24. Bf3 g5 25. fxg5 hxg5 26. h4 gxh4 27. gxh4 Bxd3 28. Kxd3 e5 29. Bxd5+ Rxd5 30. Kc4 Ke6 31. Re2 Rc7+ 32. Kb3 Rxd4 33. cxd4 Rxc1 34. dxe5 f5 35. Kb4 Rh1 36. Kb5 Rxh4 37. Ka6 Re4 38. Rh2 Ra4+ 0-1

[Event "Tianjin Binhai Cup 2nd"]
[Site "Tianjin"]
[Date "2020.01.13"]
[Round "2"]
[White "Zhai, Mo"]
[Black "Yang, Yijing"]
[Result "1-0"]
[WhiteElo "2360"]
[BlackElo "2027"]
[PlyCount "97"]
[EventDate "2020.01.13"]
[EventType "swiss"]
[EventRounds "9"]
[EventCountry "CHN"]
[SourceTitle "CBM 194 Extra"]
[Source "ChessBase"]
[SourceDate "2020.03.31"]
[SourceVersion "1"]
[SourceVersionDate "2020.03.31"]
[SourceQuality "1"]

1. c4 Nf6 2. Nc3 e6 3. d4 d5 4. cxd5 exd5 5. Bg5 c6 6. e3 Be7 7. Qc2 h6 8. Bh4 Ne4 9. Bxe7 Kxe7 10. Nxe4 dxe4 11. Qxe4+ Be6 12. Ne2 Nd7 13. Nc3 Qb6 14. Qc2 Nf6 15. Bd3 Rhd8 16. 0-0 Kf8 17. Rab1 a5 18. Bf5 Bxf5 19. Qxf5 Kg8 20. Rfc1 a4 21. Ne2 Ra5 22. Qc2 Re8 23. Nc3 Qb4 24. Rd1 Qc4 25. Qd3 Qxd3 26. Rxd3 Nd5 27. Rc1 Nxc3 28. Rdxc3 Rb5 29. R1c2 Ra8 30. Kf1 Kf8 31. Ke2 Ke7 32. Rc5 Rxc5 33. Rxc5 Kd6 34. Kd3 b6 35. Rc4 f5 36. f3 Ra5 37. Rc1 Rb5 38. Kc3 Ra5 39. Rg1 Ke6 40. g4 Kf6 41. Rg2 fxg4 42. fxg4 Kg5 43. e4 Ra7 44. d5 Kf4 45. dxc6 Rc7 46. Kd4 Rxc6 47. Rf2+ Kxg4 48. e5 Kh3 49. Kd5 1-0

[Event "SCO op"]
[Site "Qingdao"]
[Date "2019.09.27"]
[Round "9"]
[White "Karimov, Alisher"]
[Black "Yang, Yijing"]
[Result "1-0"]
[WhiteElo "2251"]
[BlackElo "2025"]
[PlyCount "105"]
[EventDate "2019.09.19"]
[EventType "swiss"]
[EventRounds "9"]
[EventCountry "CHN"]
[SourceTitle "EXT 2020"]
[Source "ChessBase"]
[SourceDate "2019.10.17"]
[SourceVersion "1"]
[SourceVersionDate "2019.10.17"]
[SourceQuality "1"]

1. Nf3 Nf6 2. g3 d5 3. Bg2 g6 4. b3 Bg7 5. Bb2 0-0 6. 0-0 c5 7. d3 b6 8. c4 Bb7 9. a3 dxc4 10. bxc4 Nc6 11. Nbd2 Qd7 12. a4 Rfd8 13. Qb3 Rab8 14. Rfb1 Ne8 15. Bxg7 Nxg7 16. Qb2 Ne6 17. Ne4 Ned4 18. Nxd4 Qxd4 19. Qxd4 Nxd4 20. Ra2 f5 21. Nc3 Bxg2 22. Kxg2 Nc6 23. Raa1 e6 24. h4 Kf7 25. Rh1 h6 26. f3 a5 27. Kf2 Nb4 28. Rag1 Rh8 29. Nd1 Rbd8 30. Ne3 Rd4 31. Rb1 Rhd8 32. Rhc1 R4d7 33. Nc2 Ra8 34. Ke3 Kf6 35. Na3 Rb8 36. Rg1 Rbd8 37. Rbd1 Rh7 38. Nb5 Nc2+ 39. Kf2 Rdd7 40. Rc1 Nb4 41. Ke3 Rh8 42. g4 g5 43. Nc3 Rd4 44. Nb5 Rd7 45. Rh1 Rdh7 46. Rcg1 f4+ 47. Kd2 Nc6 48. Nd6 Ne5 49. Ne4+ Kg6 50. Kc3 Nf7 51. h5+ Kg7 52. Rb1 Rb8 53. Nxc5 1-0

[Event "SCO op"]
[Site "Qingdao"]
[Date "2019.09.24"]
[Round "6"]
[White "Yang, Yijing"]
[Black "Ma, Ling"]
[Result "1-0"]
[WhiteElo "2025"]
[BlackElo "2210"]
[PlyCount "53"]
[EventDate "2019.09.19"]
[EventType "swiss"]
[EventRounds "9"]
[EventCountry "CHN"]
[SourceTitle "EXT 2020"]
[Source "ChessBase"]
[SourceDate "2019.10.17"]
[SourceVersion "1"]
[SourceVersionDate "2019.10.17"]
[SourceQuality "1"]

1. d4 Nf6 2. c4 c5 3. d5 b5 4. cxb5 a6 5. bxa6 g6 6. Nc3 Bg7 7. e4 0-0 8. Nf3 Qa5 9. e5 Ng4 10. Qa4 Qxa4 11. Nxa4 Bxa6 12. Nxc5 Bxf1 13. Rxf1 Ra5 14. b4 Rb5 15. Rb1 Nxe5 16. Nxe5 Bxe5 17. a4 Rb6 18. a5 Rd6 19. Ke2 Rxd5 20. Rd1 Rxd1 21. Kxd1 Nc6 22. a6 Bd4 23. Be3 d6 24. Nd7 Ra8 25. b5 Ne5 26. Nxe5 Bxe5 27. f4 1-0

[Event "Belt and Road Hunan op-B"]
[Site "Changsha"]
[Date "2019.07.31"]
[Round "5"]
[White "Yang, Yijing"]
[Black "Batchuluun, Ariunbold"]
[Result "0-1"]
[WhiteElo "2110"]
[BlackElo "2067"]
[PlyCount "144"]
[EventDate "2019.07.29"]
[EventType "swiss"]
[EventRounds "9"]
[EventCountry "CHN"]
[SourceTitle "EXT 2020"]
[Source "ChessBase"]
[SourceDate "2019.10.17"]
[SourceVersion "1"]
[SourceVersionDate "2019.10.17"]
[SourceQuality "1"]

1. d4 d6 2. Nf3 Nf6 3. c4 g6 4. Nc3 Bg7 5. e4 0-0 6. Be2 e5 7. 0-0 Nc6 8. d5 Ne7 9. Ne1 Ne8 10. Be3 f5 11. f3 f4 12. Bf2 Rf7 13. Nd3 g5 14. c5 Bf8 15. cxd6 cxd6 16. a4 h5 17. Nb5 Rg7 18. Nxa7 Bd7 19. Qb3 Ng6 20. Qb6 Qxb6 21. Bxb6 g4 22. b4 Nh4 23. Kh1 Be7 24. Ne1 gxf3 25. gxf3 Nf6 26. Bf2 Kf7 27. Bxh4 Rxa7 28. a5 Nxd5 29. Bf2 Ne3 30. Bxe3 fxe3 31. Bc4+ Be6 32. Bxe6+ Kxe6 33. Ng2 e2 34. Rfe1 Rf7 35. Rxe2 Rxf3 36. Ne3 Ra8 37. Nd5 Rg8 38. b5 Rgf8 39. Kg2 h4 40. a6 h3+ 41. Kg1 Rg8+ 42. Kh1 Rgf8 43. Kg1 Rg8+ 44. Kh1 bxa6 45. bxa6 Rgf8 46. Kg1 Rg8+ 47. Kh1 Rgf8 48. Rg1 Ra3 49. Re3 Rxe3 50. Nxe3 Bh4 51. Nf5 Bf2 52. Rf1 Rc8 53. Ng3 Rc2 54. Rb1 Ra2 55. Rf1 Bc5 56. Nh5 Rxa6 57. Ng7+ Kd7 58. Nh5 Ra2 59. Ng3 Be3 60. Rd1 Bf4 61. Nf1 Re2 62. Rd3 Rxe4 63. Rxh3 Re2 64. Ra3 Rb2 65. h4 Ke6 66. h5 e4 67. Rh3 Bh6 68. Rg3 Bf4 69. Rh3 e3 70. Nxe3 Rb3 71. h6 Rxe3 72. Rh4 Be5 0-1

[Event "CHN-chT (Women)"]
[Site "Daqing"]
[Date "2019.06.27"]
[Round "9.4"]
[White "Ren, Xiaoyi"]
[Black "Yang, Yijing"]
[Result "1-0"]
[WhiteElo "2255"]
[BlackElo "2135"]
[PlyCount "128"]
[EventDate "2019.06.19"]
[EventType "team-swiss"]
[EventRounds "9"]
[EventCountry "CHN"]
[SourceTitle "CBM 191 Extra"]
[Source "ChessBase"]
[SourceDate "2019.09.30"]
[SourceVersion "1"]
[SourceVersionDate "2019.09.30"]
[SourceQuality "1"]
[WhiteTeam "Chengdu (W)"]
[BlackTeam "Hebei (W)"]
[WhiteTeamCountry "CHN"]
[BlackTeamCountry "CHN"]

1. d4 Nf6 2. c4 g6 3. Nf3 Bg7 4. g3 0-0 5. Bg2 c6 6. 0-0 d5 7. cxd5 cxd5 8. Ne5 Nc6 9. Nc3 Bf5 10. Nxc6 bxc6 11. Na4 Nd7 12. Bf4 e5 13. dxe5 Nxe5 14. Rc1 Rc8 15. b3 Qe7 16. Qd2 Rfe8 17. Rfe1 Nd7 18. Be3 Nf6 19. Qa5 Qa3 20. Qd2 Qe7 21. Bd4 Ne4 22. Qe3 Bxd4 23. Qxd4 Red8 24. Nc5 Nd6 25. a4 Qc7 26. Rc3 Qb6 27. e3 Ne4 28. Nxe4 dxe4 29. Qc4 Re8 30. b4 Be6 31. Qxe4 Bd5 32. Qf4 Bxg2 33. Kxg2 c5 34. bxc5 Rxc5 35. Rxc5 Qxc5 36. Rd1 Qc6+ 37. Kg1 Re4 38. Qb8+ Kg7 39. Qb2+ Qf6 40. Qb3 Qc6 41. Rd4 Qc1+ 42. Kg2 Qc6 43. Rxe4 Qxe4+ 44. f3 Qc6 45. Qb2+ Kh6 46. a5 Qc5 47. Qd2 a6 48. h4 Qb5 49. g4 f6 50. e4+ Kg7 51. g5 fxg5 52. hxg5 Qe5 53. Qd7+ Kf8 54. Qd2 Kg7 55. Qd5 Qb2+ 56. Kg3 Qc1 57. Qe5+ Kg8 58. Kg4 Qg1+ 59. Qg3 Qb1 60. Qf2 Qb5 61. Qd2 Qf1 62. Kf4 Kg7 63. Qd7+ Kg8 64. Qc6 Qe2 1-0